000 00189 a2200097 4500
001 22819
100 _aClark, J
245 _aHunza
260 _a
_bHutchinson
_c1957
090 _c15432
_d15432
942 _aNUST-CAE
_cM
_c6039
999 _c257892
_d257892